| 000 | 00650nam a2200181 a 4500 | ||
|---|---|---|---|
| 003 | 0 | ||
| 005 | 20250206101435.0 | ||
| 008 | 130817s19uu xx 00 eng d | ||
| 050 |
_aPHS RM 666.A54 _b.So698 2013 |
||
| 100 | _aSong, Seung Hwan. | ||
| 245 |
_aDissolution rates of different brands of Antacid / _cSong Seung Hwan. |
||
| 260 |
_aLas PiƱas City, Philippines : _bSouthville International School and Colleges, _c2013. |
||
| 300 |
_a23 pages : _billustrations ; _c28 cm. |
||
| 504 | _aIncludes bibliographical references. | ||
| 650 |
_aAntacids _vDissolution rates. |
||
| 650 |
_aDrugs _vSolubility and chemical properties. |
||
| 942 |
_2lcc _cPASS |
||
| 999 |
_c98932 _d98932 |
||